Statistics for Gwent Leaders

Click here to take the quiz!

General Stats

  • This quiz has been taken 225 times
    (56 since last reset)
  • The average score is 13 of 35

Answer Stats

Answer% Correct
King Foltest
95%
Emhyr var Emreis
88%
Eredin Breacc Glas
81%
Crach an Craite
79%
Francesca Findabair
64%
Bran Tuirseach
57%
Queen Meve
55%
King Henselt
50%
King Demavend III
40%
Princess Adda
40%
Dettlaff van der Eretein
36%
Eist Tuirseach
33%
Eithne
33%
Filavandrel aen Fidhail
33%
Whoreson Junior
33%
King of Beggars
31%
Queen Calanthe
31%
Cleaver
29%
Harald the Cripple
29%
Morvran Voorhis
29%
Svalblod
29%
Unseen Elder
29%
Eldain
26%
Jan Calveit
26%
Gernichora
24%
Usurper
24%
Anna Henrietta
21%
Ardal aep Dahy
21%
Brouver Hoog
21%
Arachas Queen
19%
Arnjolf the Patricide
19%
Dana Meadbh
17%
Woodland Spirit
14%
Cyrus Hemmelfart
12%
Gudrun Bjornsdottir
10%

Score Distribution

Percentile by Number Answered

Percent of People with Each Score

Your Score History

You have not taken this quiz since the last reset